Online
Catalog

The dominican diaspora : (Record no. 46051)

MARC details
000 -CABECERA
campo de control de longitud fija 00611nam a2200169 a 4500
001 - NÚMERO DE CONTROL
campo de control 000046562
005 - FECHA Y HORA DE LA ÚLTIMA TRANSACCIÓN
campo de control 20201002052948.0
008 - DATOS DE LONGITUD FIJA--INFORMACIÓN GENERAL
campo de control de longitud fija 150826s1974 xxub 000 0 spa d
020 ## - NÚMERO INTERNACIONAL ESTÁNDAR DEL LIBRO
Número Internacional Estándar del Libro 0807724262
040 ## - FUENTE DE LA CATALOGACIÓN
Centro catalogador/agencia de origen DO-SdBNP
Lengua de catalogación spa
Centro/agencia transcriptor BNPHU
082 ## - NÚMERO DE LA CLASIFICACIÓN DECIMAL DEWEY
Número de clasificación xxxxxxxxxx
Número de documento/Ítem xxxxxxxxxx
100 1# - ENTRADA PRINCIPAL--NOMBRE DE PERSONA
Nombre de persona Hendricks, Glenn
9 (RLIN) 12673
245 10 - MENCIÓN DE TÍTULO
Título The dominican diaspora :
Resto del título from the Dominican Republic to New York City-villagers in transition /
Mención de responsabilidad, etc. Glenn Hendricks.
260 ## - PUBLICACIÓN, DISTRIBUCIÓN, ETC.
Lugar de publicación, distribución, etc. New York, :
Nombre del editor, distribuidor, etc. Teachers College,
Fecha de publicación, distribución, etc. 1974.
300 ## - DESCRIPCIÓN FÍSICA
Extensión 170 p. :
Otras características físicas map. ;
Dimensiones 24 cm.
500 ## - NOTA GENERAL
Nota general Incluye referencias bibliográficas y notas al pie de las páginas
Holdings
Estado de retiro Estado de pérdida Restricciones de uso No para préstamo Código de colección Localización permanente Ubicación/localización actual Ubicación en estantería Fecha de adquisición Número de inventario Total de préstamos Signatura topográfica completa Código de barras Fecha visto por última vez Precio válido a partir de Tipo de ítem Koha Nota pública
      Excluido de préstamo Monografías: Libros y Folletos Patrimonio Dominicano Patrimonio Dominicano Depósito 26.08.2015 LF1   xxxxxxxxxx xxxxxxxxxx 46562-10 25.06.2020 25.06.2020 No se presta Perteneció a la biblioteca personal de Chiqui Vicioso / Fidelio Despradel.

Powered by Koha